ბათუმის შოთა რუსთაველის სახელმწიფო უნივერსიტეტის ბიბლიოთეკა

ვაშინგტონის სამედიცინო თერაპიული ცნობარი / (ბიბ.ჩანაწერი № 38649)

000 -ლიდერი
ფიქსირებული სიგრძის საკონტროლო ველი 01926nam a2200289Ia 4500
001 - საკონტროლო ნომერი
საკონტროლო ველი 4871
003 - საკონტროლო ნომრის იდენტიფიკატორი
საკონტროლო ველი GE_BSU
005 - ბოლო ოპერაციის თარიღი და დრო
საკონტროლო ველი 20190806115210.0
008 - ფიქსირებული სიგრძის მონაცემთა ელემენტები - ზოგადი ინფორმაცია
ფიქსირებული სიგრძის საკონტროლო ველი 181216s2011||||ge |||||||||||||| ||geo||
020 ## - წიგნის საერთაშორისო სტანდარტული ნომერი
International Standard Book Number 9789941918681
040 ## - კატალოგიზაციის წყარო
Transcribing agency GE_BSU
041 ## - ენის კოდი
Language code of text/sound track or separate title geo
080 ## - უნივერსალური ათობითი კლასიფიკაციის ინდექსი
Universal Decimal Classification number 61(73-25)(035) ვ-25
245 ## - ცნობა სათაურის შესახებ
Title ვაშინგტონის სამედიცინო თერაპიული ცნობარი /
Statement of responsibility, etc საქართველოს კარდიოლოგთა კოლეგია ; რედ. : დენ კუპერი და სხვ. ; პროექტის ავტორი და შემსრ. გიორგი კაჭარავა, ლევან ყურაშვილი, გიორგი რამიშვილი ; რედ. თამარ მელიქიძე
264 ## - წარმოების, გამოცემის, დისტრიბუციის და სხვა ცნობები
გამოცემის, წარმოების, დისტრიბუციის... ადგილი თბილისი :
გამოცემის, წარმოების, დისტრიბუციის... სახელწოდება საუნჯე ;
გამოცემის, წარმოების, დისტრიბუციის... თარიღი 2011.
300 ## - ფიზიკური აღწერა
Extent 926 გვ. ;
Dimensions 20 სმ.
653 ## - INDEX TERM--UNCONTROLLED
Uncontrolled term ვაშინგტონის სამედიცინო თერაპიული ცნობარი
653 ## - INDEX TERM--UNCONTROLLED
Uncontrolled term მედიცინა
700 ## - ADDED ENTRY--PERSONAL NAME
Personal name კაჭარავა, გიორგი
Relator term პროექტის ავტორი და შემსრულებელი
9 (RLIN) 3406
700 ## - ADDED ENTRY--PERSONAL NAME
Personal name ყურაშვილი, ლევან
Relator term პროექტის ავტორი და შემსრულებელი
9 (RLIN) 3407
700 ## - ADDED ENTRY--PERSONAL NAME
Personal name რამიშვილი, გიორგი
Relator term პროექტის ავტორი და შემსრულებელი
9 (RLIN) 3408
700 ## - ADDED ENTRY--PERSONAL NAME
Personal name კუპერი, დენ
Relator term რედაქტორი
9 (RLIN) 3409
700 ## - ADDED ENTRY--PERSONAL NAME
Personal name მელიქიძე, თამარ
Relator term რედაქტორი
9 (RLIN) 3410
710 ## - ADDED ENTRY--CORPORATE NAME
Corporate name or jurisdiction name as entry element საქართველოს კარდიოლოგთა კოლეგია
9 (RLIN) 3411
942 ## - ADDED ENTRY ELEMENTS (KOHA)
Koha item type წიგნი
Source of classification or shelving scheme
ეგზემპლარები
ჩამოწერის სტატუსი დაკარგული ეგზემპლარის სტატუსი კლასიფიკაციის წყარო ან თაროზე გაწყობის სქემა დაზიანების სტატუსი არ გაიცემა მუდმივი მდებარეობა (დაცვის ადგილი) ამჟამინდელი ადგილსამყოფელი თაროზე განთავსების ადგილი შეძენის თარიღი ღირებულება, შესყიდვის ნორმალური ფასი სრული შენახვის შიფრი შტრიხკოდი ბოლო ოპერაციის თარიღი ეგზემპლარის მიმდევრობითი ნომერი (კეტერი?) ფასის ძალაში შესვლის თარიღი ეგზემპლარის სახეობა საჯარო შენიშვნა
          ბათუმის შოთა რუსთაველის სახელმწიფო უნივერსიტეტის მთავარი ბიბლიოთეკა ბათუმის შოთა რუსთაველის სახელმწიფო უნივერსიტეტის მთავარი ბიბლიოთეკა წიგნსაცავი 2018-12-17 105.00 61(73-25)(035) ვ-25 13118 2018-12-17 13118 2018-12-17 წიგნი 105 ლ.
          ბათუმის შოთა რუსთაველის სახელმწიფო უნივერსიტეტის მთავარი ბიბლიოთეკა ბათუმის შოთა რუსთაველის სახელმწიფო უნივერსიტეტის მთავარი ბიბლიოთეკა წიგნსაცავი 2018-12-17 105.00 61(73-25)(035) ვ-25 13119 2018-12-17 13119 2018-12-17 წიგნი 105 ლ.
          ბათუმის შოთა რუსთაველის სახელმწიფო უნივერსიტეტის მთავარი ბიბლიოთეკა ბათუმის შოთა რუსთაველის სახელმწიფო უნივერსიტეტის მთავარი ბიბლიოთეკა წიგნსაცავი 2018-12-17 105.00 61(73-25)(035) ვ-25 13120 2018-12-17 13120 2018-12-17 წიგნი 105 ლ.
          ბათუმის შოთა რუსთაველის სახელმწიფო უნივერსიტეტის მთავარი ბიბლიოთეკა ბათუმის შოთა რუსთაველის სახელმწიფო უნივერსიტეტის მთავარი ბიბლიოთეკა წიგნსაცავი 2018-12-17 105.00 61(73-25)(035) ვ-25 13121 2018-12-17 13021 2018-12-17 წიგნი 105 ლ.
          ბათუმის შოთა რუსთაველის სახელმწიფო უნივერსიტეტის მთავარი ბიბლიოთეკა ბათუმის შოთა რუსთაველის სახელმწიფო უნივერსიტეტის მთავარი ბიბლიოთეკა წიგნსაცავი 2018-12-17 105.00 61(73-25)(035) ვ-25 13122 2018-12-17 13122 2018-12-17 წიგნი 105 ლ.
          ბათუმის შოთა რუსთაველის სახელმწიფო უნივერსიტეტის მთავარი ბიბლიოთეკა ბათუმის შოთა რუსთაველის სახელმწიფო უნივერსიტეტის მთავარი ბიბლიოთეკა წიგნსაცავი 2018-12-17 105.00 61(73-25)(035) ვ-25 13123 2018-12-17 13123 2018-12-17 წიგნი 105 ლ.
          ბათუმის შოთა რუსთაველის სახელმწიფო უნივერსიტეტის მთავარი ბიბლიოთეკა ბათუმის შოთა რუსთაველის სახელმწიფო უნივერსიტეტის მთავარი ბიბლიოთეკა წიგნსაცავი 2018-12-17 105.00 61(73-25)(035) ვ-25 13124 2018-12-17 13124 2018-12-17 წიგნი  
          ბათუმის შოთა რუსთაველის სახელმწიფო უნივერსიტეტის მთავარი ბიბლიოთეკა ბათუმის შოთა რუსთაველის სახელმწიფო უნივერსიტეტის მთავარი ბიბლიოთეკა წიგნსაცავი 2018-12-17 105.00 61(73-25)(035) ვ-25 13125 2018-12-17 13125 2018-12-17 წიგნი 105 ლ.
          ბათუმის შოთა რუსთაველის სახელმწიფო უნივერსიტეტის მთავარი ბიბლიოთეკა ბათუმის შოთა რუსთაველის სახელმწიფო უნივერსიტეტის მთავარი ბიბლიოთეკა წიგნსაცავი 2018-12-17 105.00 61(73-25)(035) ვ-25 13126 2018-12-17 13126 2018-12-17 წიგნი 105 ლ.
          ბათუმის შოთა რუსთაველის სახელმწიფო უნივერსიტეტის მთავარი ბიბლიოთეკა ბათუმის შოთა რუსთაველის სახელმწიფო უნივერსიტეტის მთავარი ბიბლიოთეკა წიგნსაცავი 2018-12-17 105.00 61(73-25)(035) ვ-25 13127 2018-12-17 13127 2018-12-17 წიგნი 105 ლ.